[Event "Oebro CXU International 2023"]
[Site "Copenhagen"]
[Date "2023.07.24"]
[Round "1.1"]
[White "Hamitevici, Vladimir"]
[Black "Grave, Jacob Templen"]
[Result "1-0"]
[WhiteElo "2494"]
[BlackElo "2255"]
[PlyCount "115"]
[EventDate "2023.07.24"]
[EventType "swiss"]
[EventRounds "9"]
[EventCountry "DEN"]
[SourceTitle "Live v. Obro Skakforenin"]

1. Nf3 Nf6 2. c4 e6 3. g3 d5 4. Bg2 dxc4 5. Qa4+ Nbd7 6. Qxc4 a6 7. Qc2 c5 8.
O-O b5 9. Nc3 Bb7 10. a4 Qb6 11. d3 Be7 12. e4 O-O 13. h3 c4 14. dxc4 b4 15. e5
bxc3 16. exf6 Bxf6 17. bxc3 Qc7 18. Rb1 Nc5 19. Re1 Bc6 20. Bf4 Qa5 21. Ng5
Bxg5 22. Bxc6 Rac8 23. Bxg5 Rxc6 24. Rb4 Nd3 25. Qxd3 Qxg5 26. Re4 h5 27. Rd4
Rc7 28. h4 Qf6 29. Rb6 g6 30. Rxa6 Rb8 31. Ra5 Rb2 32. Qe3 Rc2 33. Rb5 Rc8 34.
Kg2 e5 35. Re4 Qc6 36. Rd5 Qxa4 37. Rdxe5 Qc6 38. Kg1 Kg7 39. Qd4 Kg8 40. Rd5
Rc1+ 41. Kh2 Rc2 42. Rf4 Rc1 43. Rxf7 Kxf7 44. Qf4+ Kg8 45. Qxc1 Qxc4 46. Qg5
Qc6 47. c4 Rf8 48. Rd8 Rxd8 49. Qxd8+ Kh7 50. Qd5 Qf6 51. Kg2 Qc3 52. c5 Qc2
53. c6 Kh6 54. Qg5+ Kh7 55. Qe7+ Kh6 56. c7 Qc6+ 57. Kh2 Qc2 58. Qf8+ 1-0

[Event "Oebro CXU International 2023"]
[Site "Copenhagen"]
[Date "2023.07.24"]
[Round "1.2"]
[White "Loftgaard, Mikkel Vinh"]
[Black "Chatalbashev, Boris"]
[Result "0-1"]
[WhiteElo "2229"]
[BlackElo "2493"]
[PlyCount "52"]
[EventDate "2023.07.24"]
[EventType "swiss"]
[EventRounds "9"]
[EventCountry "DEN"]
[SourceTitle "Live v. Obro Skakforenin"]

1. e4 g6 2. d4 Bg7 3. Nc3 d6 4. Be3 a6 5. h4 h5 6. a4 Nf6 7. Qd2 b6 8. Bc4 Bb7
9. f3 d5 10. exd5 Nxd5 11. Nxd5 Bxd5 12. Bxd5 Qxd5 13. Nh3 Nc6 14. c3 Na5 15.
Qe2 Qc4 16. Nf4 O-O-O 17. O-O e5 18. dxe5 Bxe5 19. Rf2 Rhe8 20. Raf1 Bd6 21. g3
Qxe2 22. Rxe2 Rxe3 23. Rxe3 Bc5 24. Rfe1 Nc4 25. Ng2 Nxb2 26. a5 Nc4 0-1

[Event "Oebro CXU International 2023"]
[Site "Copenhagen"]
[Date "2023.07.24"]
[Round "1.3"]
[White "Hector, Jonny"]
[Black "Hansen, Soren Bech"]
[Result "1/2-1/2"]
[WhiteElo "2481"]
[BlackElo "2208"]
[PlyCount "285"]
[EventDate "2023.07.24"]
[EventType "swiss"]
[EventRounds "9"]
[EventCountry "DEN"]
[SourceTitle "Live v. Obro Skakforenin"]

1. e4 c5 2. Nf3 Nc6 3. Bb5 g6 4. O-O Bg7 5. c3 e5 6. d4 cxd4 7. cxd4 exd4 8.
Bf4 Nge7 9. Bd6 O-O 10. Nbd2 a6 11. Bd3 b6 12. a3 Bb7 13. Bc4 Nc8 14. Bxf8 Qxf8
15. Ba2 Nd6 16. Re1 Re8 17. Bd5 Kh8 18. Qb3 b5 19. a4 bxa4 20. Rxa4 f5 21. e5
Nb5 22. Raa1 Qc5 23. Rac1 Qb6 24. Nc4 Qa7 25. Ng5 h6 26. Nf7+ Kh7 27. Nfd6 Nxd6
28. Nxd6 Rb8 29. Qg3 Ba8 30. e6 d3 31. Bxc6 d2 32. Bxa8 dxe6 33. Rcd1 dxe1=R+
34. Rxe1 Rxb2 35. Nc4 Rb4 36. h3 Rxc4 37. Rxe6 g5 38. Bd5 Rc1+ 39. Kh2 Qd4 40.
Qf3 Qf4+ 41. Qxf4 gxf4 42. Rxa6 Bd4 43. Ra4 Bxf2 44. Rxf4 Bg1+ 45. Kg3 Kg6 46.
Ra4 Rc3+ 47. Bf3 Rb3 48. Rc4 Rb6 49. Bd1 Be3 50. Bc2 Kf6 51. Kf3 Re6 52. Rc8 f4
53. Rh8 Kg7 54. Rh7+ Kg8 55. Rd7 Rc6 56. Be4 Rf6 57. Bd5+ Kh8 58. Ke4 Bc1 59.
Rb7 Bd2 60. Rb3 Be3 61. Rb8+ Kg7 62. Ke5 Rb6 63. Rg8+ Kh7 64. Rc8 Kg7 65. Rc7+
Kh8 66. Bc6 Rb8 67. Rf7 Rb6 68. Bd5 Bc1 69. Kf5 Rd6 70. Be6 Rb6 71. Re7 Ba3 72.
Re8+ Kg7 73. Kxf4 Kf6 74. Bc4 Be7 75. Rc8 Rd6 76. Ke4 Kg7 77. Bd5 Rd8 78. Rc7
Kf6 79. Rc3 Rf8 80. Rc6+ Kg7 81. g3 Bf6 82. h4 Be7 83. Rc7 Kf6 84. h5 Bd6 85.
Rh7 Bxg3 86. Rxh6+ Kg5 87. Rg6+ Kh4 88. h6 Be1 89. h7 Bc3 90. Rg8 Rf1 91. Bc4
Rf2 92. h8=Q+ Bxh8 93. Rxh8+ Kg5 94. Rg8+ Kh4 95. Ke5 Kh3 96. Bd3 Kh4 97. Bf5
Re2+ 98. Kf6 Rb2 99. Rg4+ Kh5 100. Rg3 Rb6+ 101. Be6 Rb4 102. Ra3 Rd4 103. Rc3
Rb4 104. Bd7 Rd4 105. Bf5 Rb4 106. Rh3+ Rh4 107. Rb3 Ra4 108. Ke5 Rc4 109. Rg3
Rb4 110. Be4 Kh4 111. Rg7 Rb8 112. Kf4 Rb5 113. Rc7 Ra5 114. Rc1 Ra3 115. Rb1
Rc3 116. Rb5 Rg3 117. Rb8 Rg4+ 118. Ke5 Rg5+ 119. Bf5 Kg3 120. Rb3+ Kf2 121.
Kf4 Rg8 122. Rb2+ Ke1 123. Be4 Rf8+ 124. Ke3 Rd8 125. Rb6 Rd2 126. Rb1+ Rd1
127. Rb2 Rd8 128. Bg6 Rd6 129. Rg2 Rf6 130. Rg5 Rf2 131. Rg1+ Rf1 132. Rg2 Rf6
133. Rb2 Rd6 134. Be4 Rd8 135. Re2+ Kd1 136. Rh2 Kc1 137. Rc2+ Kd1 138. Rc7 Ke1
139. Rh7 Rf8 140. Rh2 Rf6 141. Bd5 Rf8 142. Re2+ Kf1 143. Rb2 1/2-1/2

[Event "Oebro CXU International 2023"]
[Site "Copenhagen"]
[Date "2023.07.24"]
[Round "1.4"]
[White "Thorsbro, Peter"]
[Black "Holm, Kristian Stuvik"]
[Result "0-1"]
[WhiteElo "2202"]
[BlackElo "2480"]
[PlyCount "78"]
[EventDate "2023.07.24"]
[EventType "swiss"]
[EventRounds "9"]
[EventCountry "DEN"]
[SourceTitle "Live v. Obro Skakforenin"]

1. d4 g6 2. c4 Bg7 3. Nf3 c5 4. d5 d6 5. g3 e6 6. Bg2 Ne7 7. O-O h6 8. Nc3 O-O
9. h3 e5 10. Rb1 f5 11. Nd2 e4 12. e3 g5 13. f3 exf3 14. Nxf3 Ng6 15. Ne2 Nd7
16. b4 b6 17. Bb2 Qe7 18. Bxg7 Kxg7 19. bxc5 bxc5 20. Rb3 Nb6 21. Qc2 Bd7 22.
Qc3+ Kh7 23. e4 fxe4 24. Nd2 Rxf1+ 25. Kxf1 Ne5 26. Bxe4+ Kg8 27. Kg2 Nexc4 28.
Bf3 Ne5 29. Be4 Rf8 30. Ng1 Qf7 31. Ngf3 Nxd5 32. Qa5 Bc6 33. Ra3 Nb4 34. Bxc6
Nbxc6 35. Qa6 Nd4 36. Qxd6 Ndxf3 37. Qxh6 Ne1+ 38. Kh1 Qb7+ 39. Nf3 N1xf3 0-1

[Event "Oebro CXU International 2023"]
[Site "Copenhagen"]
[Date "2023.07.24"]
[Round "1.5"]
[White "Storme, Isak"]
[Black "Nielsen, Thomas Bach"]
[Result "1-0"]
[WhiteElo "2448"]
[BlackElo "2201"]
[PlyCount "59"]
[EventDate "2023.07.24"]
[EventType "swiss"]
[EventRounds "9"]
[EventCountry "DEN"]
[SourceTitle "Live v. Obro Skakforenin"]

1. d4 f5 2. c4 Nf6 3. Nc3 g6 4. h4 Bg7 5. h5 gxh5 6. Bg5 O-O 7. e3 e6 8. Nge2
c5 9. d5 Qb6 10. Qc2 Na6 11. a3 exd5 12. cxd5 d6 13. Bxf6 Bxf6 14. Nf4 Bd7 15.
Nxh5 Qa5 16. g4 b5 17. gxf5 Bxf5 18. Nxf6+ Rxf6 19. e4 Re8 20. O-O-O Bg6 21.
Bxb5 Ref8 22. Rh2 Rf3 23. Rd3 Nc7 24. Rxf3 Rxf3 25. Be2 Rf4 26. Qd2 Rf7 27. f4
Re7 28. f5 Be8 29. f6 Rf7 30. Qg5+ 1-0

[Event "Oebro CXU International 2023"]
[Site "Copenhagen"]
[Date "2023.07.24"]
[Round "1.6"]
[White "Simonsen, Carsten"]
[Black "Hacker, Jonas"]
[Result "1-0"]
[WhiteElo "2201"]
[BlackElo "2406"]
[PlyCount "85"]
[EventDate "2023.07.24"]
[EventType "swiss"]
[EventRounds "9"]
[EventCountry "DEN"]
[SourceTitle "Live v. Obro Skakforenin"]

1. d4 Nf6 2. c4 e6 3. Nc3 Bb4 4. a3 Bxc3+ 5. bxc3 c5 6. f3 Nc6 7. e4 d6 8. d5
Na5 9. Bd3 b6 10. Ne2 Ba6 11. O-O Qe7 12. Ng3 O-O-O 13. a4 Nd7 14. f4 h5 15.
Re1 h4 16. Nf1 g5 17. fxg5 Ne5 18. Bf4 Ng6 19. Be3 Ne5 20. Bf4 Ng6 21. Be3 h3
22. g3 Ne5 23. Bf4 Nxd3 24. Qxd3 Bxc4 25. Qf3 e5 26. Be3 Rdf8 27. Nd2 Ba6 28.
c4 Nxc4 29. Qe2 b5 30. axb5 Nxe3 31. Rxa6 Nc2 32. Rb1 Nb4 33. Ra3 f5 34. b6 a6
35. Rxb4 cxb4 36. Qc4+ Kb8 37. Rxa6 Rc8 38. Qxb4 Rc1+ 39. Nf1 Rc5 40. b7 Qxb7
41. Rb6 Rh7 42. g6 Rhc7 43. exf5 1-0

[Event "Oebro CXU International 2023"]
[Site "Copenhagen"]
[Date "2023.07.24"]
[Round "1.7"]
[White "Brynell, Stellan"]
[Black "Vuelban, Virgilio"]
[Result "1/2-1/2"]
[WhiteElo "2397"]
[BlackElo "2195"]
[PlyCount "98"]
[EventDate "2023.07.24"]
[EventType "swiss"]
[EventRounds "9"]
[EventCountry "DEN"]
[SourceTitle "Live v. Obro Skakforenin"]

1. d4 g6 2. Nf3 Bg7 3. e4 d6 4. Bc4 c6 5. O-O d5 6. Bb3 dxe4 7. Ng5 Nh6 8. Nxe4
Nf5 9. c3 O-O 10. Nbd2 Na6 11. Nf3 Nc7 12. Re1 Nd5 13. Ng3 Qc7 14. Ne5 Nxg3 15.
hxg3 Bf5 16. Qf3 Rad8 17. Bd2 Qc8 18. Qe2 Rd6 19. Rad1 Bxe5 20. dxe5 Rdd8 21.
Bh6 Rfe8 22. Rd4 Be6 23. Red1 Nc7 24. Qd2 Rxd4 25. Qxd4 Bxb3 26. axb3 a6 27.
Qd7 Ne6 28. Be3 Rd8 29. Qxc8 Rxc8 30. Bb6 Kf8 31. Rd7 Rb8 32. Ba7 Ke8 33. Rxe7+
Kxe7 34. Bxb8 Ng5 35. f3 Ke6 36. g4 Kd5 37. Kf2 Ne6 38. Bd6 Nf4 39. g3 Nd3+ 40.
Ke3 Nxe5 41. Bxe5 Kxe5 42. c4 c5 43. f4+ Ke6 44. g5 f6 45. Ke4 fxg5 46. fxg5
Kd6 47. Kf4 Ke6 48. Ke4 Kd6 49. Kf4 Ke6 1/2-1/2

[Event "Oebro CXU International 2023"]
[Site "Copenhagen"]
[Date "2023.07.24"]
[Round "1.8"]
[White "Andersen, Morten"]
[Black "Haubro, Martin"]
[Result "0-1"]
[WhiteElo "2190"]
[BlackElo "2386"]
[PlyCount "82"]
[EventDate "2023.07.24"]
[EventType "swiss"]
[EventRounds "9"]
[EventCountry "DEN"]
[SourceTitle "Live v. Obro Skakforenin"]

1. c4 e5 2. g3 Nf6 3. Nc3 Bb4 4. Bg2 O-O 5. Nf3 e4 6. Nd4 Re8 7. O-O Nc6 8. Nc2
Bxc3 9. dxc3 d6 10. b3 a5 11. Nd4 a4 12. Nxc6 bxc6 13. Be3 Rb8 14. Qc2 Bf5 15.
b4 Ra8 16. c5 Ng4 17. Rad1 Qe7 18. cxd6 cxd6 19. Rd4 d5 20. c4 Be6 21. cxd5
cxd5 22. b5 Rec8 23. Qb1 Nxe3 24. fxe3 Qc5 25. Qb4 Qb6 26. a3 h5 27. Rb1 Rc2
28. Bf1 Bg4 29. Qe7 Bxe2 30. Bxe2 Rxe2 31. Rf1 Rf8 32. Qg5 Qxb5 33. Rxe4 Rxh2
34. Kxh2 Qe2+ 35. Kg1 dxe4 36. Qf4 Qd3 37. Kh2 Qxa3 38. Qxe4 Qb2+ 39. Kh3 a3
40. Rb1 Qc3 41. Qd5 Qc8+ 0-1

[Event "Oebro CXU International 2023"]
[Site "Copenhagen"]
[Date "2023.07.24"]
[Round "1.9"]
[White "Fries Nielsen, Jens Ove"]
[Black "Johansson, Thomas"]
[Result "1-0"]
[WhiteElo "2384"]
[BlackElo "2187"]
[PlyCount "49"]
[EventDate "2023.07.24"]
[EventType "swiss"]
[EventRounds "9"]
[EventCountry "DEN"]
[SourceTitle "Live v. Obro Skakforenin"]

1. d4 d5 2. Nc3 Nf6 3. e3 g6 4. h3 Bg7 5. g4 c6 6. Nge2 b6 7. Ng3 Bb7 8. Bg2 e6
9. e4 Nxe4 10. Ncxe4 dxe4 11. Nxe4 O-O 12. Bg5 Qc7 13. Nf6+ Kh8 14. Qf3 Nd7 15.
O-O-O Nxf6 16. Bxf6 Bxf6 17. Qxf6+ Kg8 18. h4 Qd8 19. Qe5 Qe7 20. g5 f6 21. Qe3
Rae8 22. h5 fxg5 23. hxg6 hxg6 24. Rh6 Kg7 25. Rdh1 1-0

[Event "Oebro CXU International 2023"]
[Site "Copenhagen"]
[Date "2023.07.24"]
[Round "1.10"]
[White "Brattgjerd, Isak Vinh"]
[Black "Carlsson, Ludvig"]
[Result "1/2-1/2"]
[WhiteElo "2185"]
[BlackElo "2373"]
[PlyCount "121"]
[EventDate "2023.07.24"]
[EventType "swiss"]
[EventRounds "9"]
[EventCountry "DEN"]
[SourceTitle "Live v. Obro Skakforenin"]

1. d4 d5 2. c4 e6 3. Nc3 Nf6 4. cxd5 exd5 5. Bg5 Be7 6. e3 c6 7. Bd3 Nbd7 8.
Nge2 Nf8 9. Qc2 Ne6 10. Bh4 g6 11. O-O O-O 12. Rae1 Nh5 13. Bxe7 Qxe7 14. a3
Bd7 15. b4 f5 16. f4 Nf6 17. Kh1 Ne4 18. Ng1 g5 19. Bxe4 fxe4 20. f5 Ng7 21. g4
h5 22. h3 Rf6 23. Kg2 Rh6 24. Qf2 Rf8 25. Qg3 Ne8 26. Nge2 Kf7 27. Nd1 Rfh8 28.
Rh1 Nd6 29. Nb2 Bc8 30. Ref1 Ne8 31. Nd1 Nf6 32. Nf2 b6 33. Rc1 Ba6 34. Nc3 Bc4
35. Qe5 b5 36. Qxe7+ Kxe7 37. Kg3 R6h7 38. a4 a5 39. bxa5 hxg4 40. hxg4 Rxh1
41. Rxh1 Rxh1 42. Nxh1 b4 43. Nd1 Kd6 44. Nhf2 Be2 45. Nb2 c5 46. dxc5+ Kxc5
47. Nh3 Bxg4 48. Nxg5 Bxf5 49. a6 Bc8 50. a7 Bb7 51. Kf4 b3 52. Ne6+ Kb4 53.
Nd4 Nd7 54. Nb5 Nb6 55. Ke5 Nc4+ 56. Nxc4 dxc4 57. Kd4 Kxa4 58. Nd6 Ba8 59.
Nxc4 Kb4 60. Nb2 Bb7 61. Nc4 1/2-1/2

[Event "Oebro CXU International 2023"]
[Site "Copenhagen"]
[Date "2023.07.25"]
[Round "2.1"]
[White "Nielsen, Viktor Haarmark"]
[Black "Hamitevici, Vladimir"]
[Result "1/2-1/2"]
[WhiteElo "2345"]
[BlackElo "2494"]
[PlyCount "122"]
[EventDate "2023.07.24"]
[EventType "swiss"]
[EventRounds "9"]
[EventCountry "DEN"]
[SourceTitle "Live v. Obro Skakforenin"]

1. d4 Nf6 2. c4 e6 3. Nf3 b6 4. g3 Bb7 5. Bg2 Be7 6. O-O O-O 7. h4 d6 8. Nc3 c5
9. d5 e5 10. Ne1 Na6 11. e4 Nc7 12. Nd3 b5 13. cxb5 a6 14. bxa6 Bxa6 15. Re1
Qb8 16. b3 Nb5 17. Nxb5 Qxb5 18. Bf1 Qd7 19. Qf3 Ng4 20. Nb2 f5 21. exf5 h5 22.
Bxa6 Rxa6 23. Qe2 Qxf5 24. Rf1 Qf3 25. Qxf3 Rxf3 26. Bg5 Bxg5 27. hxg5 e4 28.
Kg2 Rf5 29. Nc4 Rxg5 30. Rfd1 Nf6 31. Ne3 h4 32. Kh3 hxg3 33. fxg3 Rh5+ 34. Kg2
Kf7 35. Rd2 Rh8 36. Rf1 Kg6 37. Rff2 Raa8 38. Rf1 Ra6 39. Rff2 Rh5 40. Rf1 Rg5
41. Rh1 Ra8 42. Rh4 Rf8 43. Rf2 Re8 44. Rd2 Ree5 45. a4 Nxd5 46. Nxd5 Rxd5 47.
Rxd5 Rxd5 48. Rxe4 Rd3 49. b4 Kf5 50. Rf4+ Ke5 51. bxc5 dxc5 52. Rg4 Ra3 53.
Kf2 Kd5 54. Rxg7 Rxa4 55. Rg5+ Kc6 56. Ke3 Ra3+ 57. Kd2 Kb5 58. Rg4 Rf3 59. Kc2
Rf2+ 60. Kc3 Rf3+ 61. Kc2 Rf2+ 1/2-1/2

[Event "Oebro CXU International 2023"]
[Site "Copenhagen"]
[Date "2023.07.25"]
[Round "2.2"]
[White "Chatalbashev, Boris"]
[Black "Ingebretsen, Jens E"]
[Result "1-0"]
[WhiteElo "2493"]
[BlackElo "2342"]
[PlyCount "91"]
[EventDate "2023.07.24"]
[EventType "swiss"]
[EventRounds "9"]
[EventCountry "DEN"]
[SourceTitle "Live v. Obro Skakforenin"]

1. Nf3 Nf6 2. g3 c5 3. Bg2 Nc6 4. O-O d5 5. d4 e6 6. c4 dxc4 7. Ne5 Bd7 8. Na3
cxd4 9. Naxc4 Rc8 10. Qb3 Nxe5 11. Nxe5 Bc6 12. Nxc6 bxc6 13. Rd1 Qd7 14. Bf4
Bc5 15. Be5 Bb6 16. Qf3 Ke7 17. Qa3+ Ke8 18. e3 c5 19. Rac1 Ng4 20. exd4 Nxe5
21. dxe5 Qb5 22. Bf1 c4 23. Qd6 Rd8 24. Bxc4 Qa4 25. Bb3 Qb5 26. Qa3 Rxd1+ 27.
Bxd1 Qxe5 28. Ba4+ Kd8 29. Bc6 Qd4 30. Qf3 Qf6 31. Qd3+ Qd4 32. Qe2 Ke7 33. Rd1
Qc5 34. Rd7+ Kf6 35. Be4 Qc1+ 36. Kg2 Rd8 37. Qf3+ Ke5 38. Rxf7 Qh6 39. Bd3 Rd4
40. Qe2+ Kd6 41. h4 Qc1 42. Rxg7 Qc6+ 43. Kh2 Qd5 44. Bb5 Qf5 45. Rd7+ Kc5 46.
Bd3 1-0

[Event "Oebro CXU International 2023"]
[Site "Copenhagen"]
[Date "2023.07.25"]
[Round "2.3"]
[White "Holm, Kristian Stuvik"]
[Black "Sriram, Jha"]
[Result "1/2-1/2"]
[WhiteElo "2480"]
[BlackElo "2315"]
[PlyCount "62"]
[EventDate "2023.07.24"]
[EventType "swiss"]
[EventRounds "9"]
[EventCountry "DEN"]
[SourceTitle "Live v. Obro Skakforenin"]

1. d4 d5 2. c4 e6 3. Nf3 c5 4. cxd5 exd5 5. g3 Nf6 6. Bg2 Nc6 7. O-O cxd4 8.
Nxd4 Bc5 9. Nxc6 bxc6 10. Qc2 Qb6 11. Nc3 Be7 12. Be3 Qa6 13. Na4 O-O 14. Bc5
Re8 15. e3 Bg4 16. Rfc1 Rac8 17. b3 Bh5 18. Bxe7 Rxe7 19. Qc5 Ree8 20. Qd4 h6
21. Nc5 Qb6 22. Rc3 Ne4 23. Nxe4 Qxd4 24. exd4 dxe4 25. Re1 f5 26. Rc5 g6 27.
Rec1 Rcd8 28. Rxc6 Rxd4 29. Bf1 Re7 30. Ra6 Kg7 31. h3 g5 1/2-1/2

[Event "Oebro CXU International 2023"]
[Site "Copenhagen"]
[Date "2023.07.25"]
[Round "2.4"]
[White "Kistrup, Nicolai"]
[Black "Storme, Isak"]
[Result "1/2-1/2"]
[WhiteElo "2339"]
[BlackElo "2448"]
[PlyCount "111"]
[EventDate "2023.07.24"]
[EventType "swiss"]
[EventRounds "9"]
[EventCountry "DEN"]
[SourceTitle "Live v. Obro Skakforenin"]

1. d4 Nf6 2. c4 e6 3. Nf3 b6 4. g3 Bb7 5. Bg2 Be7 6. O-O O-O 7. Re1 a5 8. h4 d6
9. Nc3 Ne4 10. Qc2 Nxc3 11. Ng5 Bxg5 12. Bxb7 Ra7 13. Bxg5 f6 14. Bd2 Rxb7 15.
Bxc3 Nc6 16. d5 exd5 17. cxd5 Ne5 18. Qf5 Qd7 19. Qxd7 Nxd7 20. Kg2 Nc5 21. Bd4
Kf7 22. Kf3 Re8 23. g4 c6 24. dxc6 Rc7 25. Rac1 Rxc6 26. Red1 Rec8 27. Be3 Ke6
28. Rc4 Nd7 29. Rcd4 Ke7 30. Kg3 Ne5 31. Re4 Rc4 32. Rxc4 Rxc4 33. Bxb6 Rxg4+
34. Kh3 Rb4 35. Bxa5 Rxb2 36. Rd2 Rb7 37. Rc2 Ke6 38. Bd2 Ra7 39. Bb4 g5 40.
hxg5 fxg5 41. a3 h5 42. f3 g4+ 43. fxg4 hxg4+ 44. Kg3 Rh7 45. Rc8 Rh3+ 46. Kf4
Rh2 47. Rd8 Rf2+ 48. Kg3 Rxe2 49. Bxd6 Re3+ 50. Kg2 Rd3 51. Bc7 Rxa3 52. Re8+
Kd7 53. Rxe5 Kxc7 54. Rg5 g3 55. Rxg3 Rxg3+ 56. Kxg3 1/2-1/2

[Event "Oebro CXU International 2023"]
[Site "Copenhagen"]
[Date "2023.07.25"]
[Round "2.5"]
[White "Haubro, Martin"]
[Black "Simonsen, Carsten"]
[Result "1/2-1/2"]
[WhiteElo "2386"]
[BlackElo "2201"]
[PlyCount "91"]
[EventDate "2023.07.24"]
[EventType "swiss"]
[EventRounds "9"]
[EventCountry "DEN"]
[SourceTitle "Live v. Obro Skakforenin"]

1. e4 c5 2. Nf3 d6 3. d4 cxd4 4. Nxd4 Nf6 5. Nc3 a6 6. h3 e5 7. Nb3 Be7 8. g4
h6 9. f4 Nc6 10. Qf3 d5 11. exd5 Nb4 12. fxe5 Nfxd5 13. Nxd5 Bh4+ 14. Kd1 Nxd5
15. Bd3 Nb4 16. Bd2 Nxd3 17. Qxd3 Qe7 18. Qd6 h5 19. Qxe7+ Kxe7 20. Bb4+ Ke8
21. Rg1 hxg4 22. hxg4 Be6 23. Ke2 Bg5 24. Nd4 Rh2+ 25. Kf3 Rh3+ 26. Kg2 Bxg4
27. Kf1 Rh4 28. Be1 Bh3+ 29. Ke2 Re4+ 30. Kf3 Rxe5 31. Rh1 Bc8 32. Rh8+ Ke7 33.
Bg3 Re3+ 34. Kf2 Kf6 35. Nf3 Rxf3+ 36. Kxf3 Bg4+ 37. Kxg4 Rxh8 38. Rd1 Kg6 39.
Rd7 f5+ 40. Kf3 f4 41. Bf2 b5 42. Rd6+ Kf5 43. Rd5+ Kg6 44. Rd6+ Kf5 45. Rd5+
Kg6 46. Ke4 1/2-1/2

[Event "Oebro CXU International 2023"]
[Site "Copenhagen"]
[Date "2023.07.25"]
[Round "2.6"]
[White "Baasansuren, Erdene"]
[Black "Fries Nielsen, Jens Ove"]
[Result "1-0"]
[WhiteElo "2278"]
[BlackElo "2384"]
[PlyCount "93"]
[EventDate "2023.07.24"]
[EventType "swiss"]
[EventRounds "9"]
[EventCountry "DEN"]
[SourceTitle "Live v. Obro Skakforenin"]

1. d4 e6 2. c4 Nf6 3. g3 d5 4. Nf3 Bb4+ 5. Bd2 Bxd2+ 6. Nbxd2 O-O 7. Bg2 Qe7 8.
O-O Na6 9. Rc1 b6 10. Qb3 dxc4 11. Rxc4 Bb7 12. Ne5 Bxg2 13. Kxg2 c5 14. Qf3 b5
15. Rcc1 cxd4 16. Nb3 Qd6 17. Nxf7 Kxf7 18. Rc6 Qe7 19. Rxa6 e5 20. Qc6 Rab8
21. Rc1 Rfc8 22. Qxc8 Rxc8 23. Rxc8 Qd7 24. Rac6 Qf5 25. R8c7+ Kg6 26. Nc5 Kh6
27. f3 Qc2 28. Kf2 Qxb2 29. Nd3 Qd2 30. Re7 Qd1 31. Rxe5 Qh1 32. g4 Qxh2+ 33.
Ke1 Kg6 34. g5 h5 35. gxf6 gxf6 36. Ree6 Kg7 37. Kd2 h4 38. Re7+ Kg6 39. Ne5+
Kf5 40. Rxf6+ Kxf6 41. Ng4+ Kxe7 42. Nxh2 Ke6 43. Kd3 Kd5 44. Ng4 b4 45. f4 a5
46. f5 a4 47. f6 1-0

[Event "Oebro CXU International 2023"]
[Site "Copenhagen"]
[Date "2023.07.25"]
[Round "2.7"]
[White "Hansen, Soren Bech"]
[Black "Brynell, Stellan"]
[Result "0-1"]
[WhiteElo "2208"]
[BlackElo "2397"]
[PlyCount "75"]
[EventDate "2023.07.24"]
[EventType "swiss"]
[EventRounds "9"]
[EventCountry "DEN"]
[SourceTitle "Live v. Obro Skakforenin"]

1. e4 e6 2. d4 d5 3. e5 c5 4. c3 Nc6 5. Nf3 Bd7 6. Be2 Nge7 7. O-O Rc8 8. Na3
cxd4 9. cxd4 Ng6 10. Nc2 Be7 11. Bd3 O-O 12. Qe2 a6 13. Re1 Na5 14. g3 Bb5 15.
h4 Bxd3 16. Qxd3 Qc7 17. Ne3 Rfe8 18. h5 Nf8 19. h6 g6 20. Kg2 Nd7 21. b3 Nc6
22. Bd2 Nb4 23. Bxb4 Bxb4 24. Re2 Ba3 25. g4 Be7 26. Rc2 Qd8 27. Rxc8 Qxc8 28.
Qd2 Qd8 29. Nc2 f6 30. Re1 fxe5 31. dxe5 Nc5 32. Ncd4 Ne4 33. Qe3 Bc5 34. Re2
Qb6 35. Qd3 Qc7 36. Rc2 Qf7 37. Qe3 Rf8 38. Re2 0-1

[Event "Oebro CXU International 2023"]
[Site "Copenhagen"]
[Date "2023.07.25"]
[Round "2.8"]
[White "Vuelban, Virgilio"]
[Black "Hector, Jonny"]
[Result "0-1"]
[WhiteElo "2195"]
[BlackElo "2481"]
[PlyCount "128"]
[EventDate "2023.07.24"]
[EventType "swiss"]
[EventRounds "9"]
[EventCountry "DEN"]
[SourceTitle "Live v. Obro Skakforenin"]

1. e4 e5 2. Nf3 Nc6 3. Bb5 a6 4. Ba4 Nf6 5. d3 Bc5 6. O-O d6 7. c3 Ba7 8. Re1
O-O 9. h3 Ne7 10. Nbd2 Ng6 11. d4 b5 12. Bc2 Bb7 13. Nf1 Re8 14. Ng3 h6 15. a4
Bb6 16. Bd2 Qd7 17. Be3 exd4 18. Bxd4 Bxd4 19. cxd4 b4 20. a5 Rab8 21. Ba4 Bc6
22. Bxc6 Qxc6 23. d5 Qc5 24. Nd4 Ne5 25. Kh2 Nc4 26. Nc6 Qxf2 27. Nxb8 Rxb8 28.
b3 Ne5 29. Rc1 Rb7 30. Qe2 Qxe2 31. Rxe2 Nd3 32. Rc6 Ra7 33. Rec2 Ne8 34. Nf5
Kf8 35. R6c4 Rb7 36. Re2 Rb5 37. Nd4 Rxa5 38. Re3 Ne5 39. Rxb4 Rc5 40. Rb8 g6
41. Ra8 a5 42. Ne2 Ke7 43. Rc3 Rb5 44. Kg1 Rb4 45. Ng3 h5 46. h4 Rb5 47. Ne2
Rb4 48. Ng3 Rb5 49. Nf1 f5 50. exf5 gxf5 51. g3 Rxd5 52. Ne3 Rb5 53. Nxf5+ Kd7
54. Nd4 Rd5 55. Ne2 Nf6 56. Ra7 Rd1+ 57. Kg2 Nd5 58. Rc1 Rd2 59. Kf1 Nd3 60.
Rxa5 Ne3+ 61. Kg1 Rxe2 62. Rf1 Nxf1 63. Kxf1 Re1+ 64. Kg2 Ne5 0-1

[Event "Oebro CXU International 2023"]
[Site "Copenhagen"]
[Date "2023.07.25"]
[Round "2.9"]
[White "Jarlskov, Daniel Tuk Hartso"]
[Black "Thorsbro, Peter"]
[Result "1/2-1/2"]
[WhiteElo "2127"]
[BlackElo "2202"]
[PlyCount "94"]
[EventDate "2023.07.24"]
[EventType "swiss"]
[EventRounds "9"]
[EventCountry "DEN"]
[SourceTitle "Live v. Obro Skakforenin"]

1. c4 e5 2. Nc3 Nc6 3. g3 g6 4. Bg2 Bg7 5. e3 Nge7 6. Nge2 O-O 7. O-O f5 8. d4
e4 9. Rb1 d5 10. cxd5 Nb4 11. Qb3 Nbxd5 12. Nf4 c6 13. f3 Kh8 14. fxe4 Nxf4 15.
Rxf4 g5 16. Rf1 f4 17. gxf4 gxf4 18. Ne2 Ng6 19. Nxf4 Nh4 20. Rf2 Bg4 21. Bd2
Qg5 22. Rbf1 Bf3 23. Rxf3 Rxf4 24. Rg3 Rxf1+ 25. Bxf1 Qf6 26. e5 Qh6 27. Qd3
Rf8 28. e4 Qe6 29. Bg5 Ng6 30. Qc4 Qd7 31. Bh3 Qc7 32. Bf5 b5 33. Qe2 Qb6 34.
Qh5 Qxd4+ 35. Be3 Qd3 36. h3 Bxe5 37. Bxg6 Qf1+ 38. Kh2 Bxg3+ 39. Kxg3 Qe1+ 40.
Kg2 Qf1+ 41. Kg3 Qe1+ 42. Kg4 Qe2+ 43. Kh4 Qe1+ 44. Kg4 Qe2+ 45. Kh4 Qe1+ 46.
Kg4 Qd1+ 47. Kh4 Qe1+ 1/2-1/2

[Event "Oebro CXU International 2023"]
[Site "Copenhagen"]
[Date "2023.07.25"]
[Round "2.10"]
[White "Grave, Jacob Templen"]
[Black "Skou, Niels"]
[Result "1-0"]
[WhiteElo "2255"]
[BlackElo "2116"]
[PlyCount "95"]
[EventDate "2023.07.24"]
[EventType "swiss"]
[EventRounds "9"]
[EventCountry "DEN"]
[SourceTitle "Live v. Obro Skakforenin"]

1. d4 d5 2. c4 e6 3. g3 Nf6 4. Bg2 Be7 5. Nf3 O-O 6. O-O dxc4 7. Qc2 b6 8. Bg5
Nd5 9. Bxe7 Qxe7 10. Nbd2 b5 11. b3 c3 12. Ne4 Bb7 13. Nxc3 a6 14. Nxd5 Bxd5
15. Rac1 Rc8 16. Ne5 Bxg2 17. Kxg2 Qd6 18. Qc5 Qxc5 19. Rxc5 Kf8 20. a4 f6 21.
Nd3 c6 22. Rfc1 bxa4 23. bxa4 Ra7 24. Nb4 Rac7 25. e4 Ke8 26. d5 exd5 27. exd5
Kd7 28. dxc6+ Kd6 29. Rd5+ Ke6 30. a5 g6 31. Re1+ Kf7 32. Rd6 f5 33. h4 Nxc6
34. Nd5 Rb7 35. Rc1 Ne7 36. Rf6+ Kg7 37. Rxc8 Nxc8 38. Rxa6 Rb5 39. Nc7 Rb7 40.
Ne8+ Kh6 41. Rc6 Na7 42. Rc7 Rxc7 43. Nxc7 Kg7 44. Kf3 Kf7 45. a6 h6 46. Ke3 g5
47. hxg5 hxg5 48. Kd4 1-0